Administrative & cultural history of Islam : (Record no. 29065)

MARC details
000 -LEADER
fixed length control field 01016cam a2200313 a 4500
001 - CONTROL NUMBER
control field 3957380
003 - CONTROL NUMBER IDENTIFIER
control field BDDh-ASL
005 - DATE AND TIME OF LATEST TRANSACTION
control field 20231015031008.0
008 - FIXED-LENGTH DATA ELEMENTS--GENERAL INFORMATION
fixed length control field 931217s1992 pk b 000 0 eng
010 ## - LIBRARY OF CONGRESS CONTROL NUMBER
LC control number 93930330
020 ## - INTERNATIONAL STANDARD BOOK NUMBER
Terms of availability Rs300.00
025 ## - OVERSEAS ACQUISITION NUMBER
Overseas acquisition number P-E-027117 13/7-98
040 ## - CATALOGING SOURCE
Original cataloging agency DLC
Transcribing agency DLC
Modifying agency DLC
-- BDDh-ASL
042 ## - AUTHENTICATION CODE
Authentication code lcode
043 ## - GEOGRAPHIC AREA CODE
Geographic area code aw-----
-- ff-----
050 00 - LIBRARY OF CONGRESS CALL NUMBER
Classification number DS36.85
Item number .S64 1992
082 ## - DEWEY DECIMAL CLASSIFICATION NUMBER
Classification number 297
Item number SOA
100 1# - MAIN ENTRY--PERSONAL NAME
Personal name Sohail, Muhammad.
245 10 - TITLE STATEMENT
Title Administrative & cultural history of Islam :
Remainder of title including objective questions and answers /
Statement of responsibility, etc. Muhammad Sohail.
250 ## - EDITION STATEMENT
Edition statement 1st ed.
260 ## - PUBLICATION, DISTRIBUTION, ETC.
Place of publication, distribution, etc. Lahore :
Name of publisher, distributor, etc. Dogarsons,
Date of publication, distribution, etc. 1992.
300 ## - PHYSICAL DESCRIPTION
Extent xviii, 653 p. ;
Dimensions 23 cm.
504 ## - BIBLIOGRAPHY, ETC. NOTE
Bibliography, etc. note Includes bibliographical references (p. 652-653).
650 #0 - SUBJECT ADDED ENTRY--TOPICAL TERM
Topical term or geographic name entry element Islamic civilization.
740 0# - ADDED ENTRY--UNCONTROLLED RELATED/ANALYTICAL TITLE
Uncontrolled related/analytical title Administrative and cultural history of Islam.
906 ## - LOCAL DATA ELEMENT F, LDF (RLIN)
a 7
b cbc
c origode
d 3
e ncip
f 19
g y-gencatlg
942 ## - ADDED ENTRY ELEMENTS (KOHA)
Source of classification or shelving scheme Dewey Decimal Classification
Koha item type Books
Holdings
Withdrawn status Lost status Source of classification or shelving scheme Damaged status Not for loan Collection code Home library Current library Shelving location Date acquired Source of acquisition Total Checkouts Full call number Barcode Date last seen Copy number Price effective from Koha item type
    Dewey Decimal Classification     Non-fiction Asiatic Society Library Asiatic Society Library General Stacks 08/16/2022 Donated by Raffat Ara Karim Kotha   297 SOA 117225 08/16/2022 C-1 08/16/2022 Books

Powered by Koha